Famous People Who Have Committed Suicide - Statistics

General Stats
  • This quiz has been taken 1,328 times
  • The average score is 7 of 17
Answer Stats
Year Cause Profession Answer % Correct
1945 Gunshot Dictator Adolf Hitler
87%
30 BC Asp Bite Her Emperor Cleopatra
75%
1962 Overdose Actress Marilyn Monroe
73%
399 BC Poison Philosopher Socrates
69%
1890 Gunshot Painter Vincent van Gogh
65%
1994 Gunshot Singer Kurt Cobain
64%
2018 Self-inflicted Cuts DJ Avicii
47%
68 AD Forced Someone Else to Kill Him Emperor Nero
47%
1961 Gunshot Writer Ernest Hemingway
44%
2014 Hanging Actor Robin Williams
40%
30 BC Stabbed Emperor Mark Antony
24%
1954 Cyanide Scientist Alan Turing
21%
1941 Drowning Writer Virginia Woolf
18%
2017 Hanging Singer Chris Cornell
13%
2017 Hanging Singer Chester Bennington
10%
182 BC Poison Emperor Hannibal
6%
1973 Gunshot President Salvador Allende
4%
No matching quizzes found
Score Distribution
Percent of People with Each Score
Percentile by Number Answered
Your Score History
You have not taken this quiz